000
00221 a2200097 4500
001
5736
100
_a
Korn,GA
245
_a
Mathematical H/B for scientists & engineers
260
_a
_b
McGraw Hill
_c
090
_c
4720
_d
4720
942
_a
NUST-CAE
_c
M
_c
31068
999
_c
240809
_d
240809